000 00436nam a2200181Ia 4500
001 4375
005 20260306145751.0
008 260306t2015||||xx |||||||||||||| ||spa||
041 _aESP
082 _a320.985
_bP43 T. 4
100 _aContreras Carranza, Carlos
_eAUT
245 0 _aPerĂº:
_bmirando hacia dentro: tomo 4 - 1930/1960
260 _c2015
300 _a
_c
650 _aGEN
654 _aCDE
942 _cLIB
_dJUS
_fJUS
_2ddc
_n
999 _c4375
_d4375